| 000 | 00449cam a2200181ua 4500 | ||
|---|---|---|---|
| 020 | _c1.35 | ||
| 041 |
_amal _h |
||
| 082 |
_a793 _bSUB/KA |
||
| 100 | _aSubrahmanian, P Ra . | ||
| 245 |
_aKalikkottililum maithanathilum / _cP R Subrahmanian. _hTextual Documents |
||
| 260 |
_a : _bBhavanandhini Publications , _c1962. |
||
| 300 | _a142 ; . | ||
| 365 | _a1.35 | ||
| 504 | _a | ||
| 942 | _cBK | ||
| 999 |
_c5028 _d5028 |
||